Systémy, procesy a signály 1 : laboratorní cvičení /

Hlavní autor: Šebesta, Vladimír, 1938-
Další autoři: Biolková, Viera, Prokeš, Aleš, 1963-
Jazyk: Čeština
Vydáno: Brno : Vysoké učení technické, Fakulta elektrotechniky a komunikačních technologií, Ústav radioelektroniky, 2002
Vydání: Vyd. 1.
Témata:
Fyzický popis: 46 s. : il. ; 30 cm
Knihy
Uloženo v:
LEADER 01530nam a2200409 a 4500
001 000636633
003 CZ BrMZK
005 20030217160730.0
007 ta
008 021118s2002 xr f cze d
015 |a cnb001185724 
020 |a 80-214-2208-4  |q (volné l. v obálce) 
035 |a (OCoLC)53263750 
040 |a ABA001  |b cze  |d BOA001 
080 |a 519.86/.87  |2 MRF 
080 |a (075.8)  |2 MRF 
080 |a (076.5)  |2 MRF 
080 |a 004.42MATLAB  |2 MRF 
080 |a 004.9:51  |2 MRF 
080 |a 621.391.8  |2 MRF 
080 |a 004.94  |2 MRF 
100 1 |a Šebesta, Vladimír,  |d 1938-  |7 jn20000402805  |4 aut 
245 1 0 |a Systémy, procesy a signály 1 :  |b laboratorní cvičení /  |c Vladimír Šebesta, Aleš Prokeš, Viera Biolková 
250 |a Vyd. 1. 
260 |a Brno :  |b Vysoké učení technické, Fakulta elektrotechniky a komunikačních technologií, Ústav radioelektroniky,  |c 2002 
300 |a 46 s. :  |b il. ;  |c 30 cm 
650 0 7 |a modelování a simulace  |7 ph125543  |2 czenas 
650 0 7 |a MATLAB  |7 ph117047  |2 czenas 
650 0 7 |a matematický software  |7 ph135673  |2 czenas 
650 0 7 |a zpracování signálů  |7 ph135694  |2 czenas 
655 7 |a laboratorní cvičení  |7 fd163936  |2 czenas 
655 7 |a učebnice vysokých škol  |7 fd133772  |2 czenas 
700 1 |a Biolková, Viera  |7 mzk2003169438  |4 aut 
700 1 |a Prokeš, Aleš,  |d 1963-  |7 jn20000620298  |4 aut 
910 |a BOA001  |b 4-1113.497 
990 |a BK 
996 6 |b 2610180860  |c 4-1113.497  |l MZK  |r Sklad / do 1 hodiny  |n 3  |p p.v.  |w 000636633  |u 000010  |a 1  |e BOA001  |j MZK50  |s P